00510nam a2200205Ia 4500008004100000020001400041050001400055100002000069245002200089245005500111260001500166260001600181260000900197300001600206300002000222300001000242300003700252440000600289500000900295170918s9999 xx 000 0 und d a439272629 bS672 2000 aSnicket, Lemony 4aThe wide window / cby Lemony Snicket ; illustrated by Brett Helquist. aNew York : bScholastic, c2000 a214 pages : billustrations ; c19cm. eA series of unfortunate events ; a3 a1150